00521nam a2200133Ia 45000010005000000080041000050200022000460820028000681000031000962450183001272600033003109010029003439990015003723856241024s9999 xx 000 0 und d a978-9945-8919-0-4 aRD/379.97293/M857d/2013 aBasilio Florentino Morillo 0aDemanda y oferta de Educación Básica de Adultos y Formación Técnico Profesional por la población egresada de alfabetización siembra sobre personas jóvenes y adultos bFundación Sur Futuroc2014 a17/11/2014 12:40:20 p.m. c8272d8272